000
00319nam a2200145Ia 4500
100
_a
Huntford/ Roland
650
_a
General
942
_c
BK
654
_a
The Last Place On Earth
245
_a
The Last Place On Earth
260
_b
Atheneum
_a
New York
_c
1985
082
_a
910.9
300
_a
565
546
_a
ENGLISH
999
_c
32925
_d
32925